Statistics for Largest Cities Containing 'L'

Click here to take the quiz!

General Stats

  • This quiz has been taken 196 times
  • The average score is 18 of 20

Answer Stats

PopulationCountryCity% Correct
9,950,000PeruLima
98%
17,100,000NigeriaLagos
97%
14,400,000United KingdomLondon
97%
17,600,000United StatesLos Angeles
97%
24,400,000South KoreaSeoul
97%
23,300,000PhilippinesManila
96%
26,400,000IndiaDelhi
95%
14,300,000TurkeyIstanbul
95%
7,000,000MalaysiaKuala Lumpur
94%
21,800,000BrazilSão Paulo
94%
5,150,000ItalyMilan
93%
5,150,000EgyptAlexandria
92%
6,800,000AngolaLuanda
92%
16,000,000IndiaKolkata
88%
10,200,000PakistanLahore
87%
7,300,000United StatesPhiladelphia
85%
5,300,000TanzaniaDar es Salaam
82%
6,550,000United StatesDallas
81%
5,500,000United StatesAtlanta
71%
10,500,000IndiaBengaluru
69%

Score Distribution

Percentile by Number Answered

Percent of People with Each Score

Your Score History

You have not taken this quiz